Haematology: an illustrated colour text. (4th ed.) (Record no. 63932)

MARC details
000 -LEADER
fixed length control field 01326nam a2200229 a 4500
008 - FIXED-LENGTH DATA ELEMENTS--GENERAL INFORMATION
fixed length control field 150205s2013 ||||||||||||||||| || u
020 ## - INTERNATIONAL STANDARD BOOK NUMBER
International Standard Book Number 9780702051395
050 ## - LIBRARY OF CONGRESS CALL NUMBER
Classification number RC 633 How
100 ## - MAIN ENTRY--PERSONAL NAME
Personal name Howard, Martin R
245 10 - TITLE STATEMENT
Title Haematology: an illustrated colour text. (4th ed.)
Statement of responsibility, etc. By Martin R. Howard and Peter J. Hamilton
250 ## - EDITION STATEMENT
Edition statement 4th ed.
260 ## - PUBLICATION, DISTRIBUTION, ETC.
Place of publication, distribution, etc. Edinburgh
Name of publisher, distributor, etc. Churchill Livingstone/Elsevier
Date of publication, distribution, etc. 2013
300 ## - PHYSICAL DESCRIPTION
Extent vii, 125p.: ill.
350 ## -
-- 50.95
650 #3 - SUBJECT ADDED ENTRY--TOPICAL TERM
Topical term or geographic name entry element BLOOD PHYSIOLOGICAL PHENOMENA
650 ## - SUBJECT ADDED ENTRY--TOPICAL TERM
Topical term or geographic name entry element BLOOD -- DISEASES DIAGNOSIS
650 ## - SUBJECT ADDED ENTRY--TOPICAL TERM
Topical term or geographic name entry element HEMATOLOGIC DISEASES
995 ## -
-- MEDICAL LIBRARY OPEN ACCESS
-- 903235
-- CBU-SCHOOL OF MEDICINE LIBRARY (Ndola)
-- 50.95
-- RC 633 How
-- 4
-- AVAILABLE
-- Jan 18, 2016
-- 903235
-- Medical Library Open Access Collection
995 ## -
-- MEDICAL LIBRARY OPEN ACCESS
-- 902633
-- CBU-SCHOOL OF MEDICINE LIBRARY (Ndola)
-- 50.95
-- RC 633 How
-- 1
-- AVAILABLE
-- Feb 10, 2015
-- 902633
-- Medical Library Open Access Collection
995 ## -
-- MEDICAL LIBRARY OPEN ACCESS
-- 902634
-- CBU-SCHOOL OF MEDICINE LIBRARY (Ndola)
-- 50.95
-- RC 633 How
-- 2
-- AVAILABLE
-- Feb 10, 2015
-- 902634
-- Medical Library Open Access Collection
995 ## -
-- MEDICAL LIBRARY OPEN ACCESS
-- 902635
-- CBU-SCHOOL OF MEDICINE LIBRARY (Ndola)
-- 50.95
-- RC 633 How
-- 3
-- AVAILABLE
-- Feb 10, 2015
-- 902635
-- Medical Library Open Access Collection
999 ## -
-- 63932
-- 63932
Holdings
Withdrawn status Lost status Source of classification or shelving scheme Damaged status Not for loan Permanent Location Current Location Shelving location Date acquired Total Checkouts Full call number Barcode Date last seen Copy number Price effective from Koha item type
          CBU-SCHOOL OF MEDICINE LIBRARY, NDOLA. CBU-SCHOOL OF MEDICINE LIBRARY, NDOLA.   02/01/2023   RC 633 How 903235 02/01/2023 1 02/01/2023 MONOGRAPH
          CBU-SCHOOL OF MEDICINE LIBRARY, NDOLA. CBU-SCHOOL OF MEDICINE LIBRARY, NDOLA.   02/01/2023   RC 633 How 902633 02/01/2023 2 02/01/2023 MONOGRAPH
          CBU-SCHOOL OF MEDICINE LIBRARY, NDOLA. CBU-SCHOOL OF MEDICINE LIBRARY, NDOLA.   02/01/2023   RC 633 How 902634 02/01/2023 3 02/01/2023 MONOGRAPH
          CBU-SCHOOL OF MEDICINE LIBRARY, NDOLA. CBU-SCHOOL OF MEDICINE LIBRARY, NDOLA.   02/01/2023   RC 633 How 902635 02/01/2023 4 02/01/2023 MONOGRAPH